01887nab a2200241uuc4500001000800000005001700008008004100025035001200066040001300078041000800091100004300099245015800142336009100300520091400391650002001305650001801325650004001343650004601383650002601429700004401455700004401499773010201543156565720240202134451.0211210m01uu2017 spa  a1565657 ccomduadb aspa10aTaborda Ríos, July Andrea 4auteaut10aEstudio comparativo de las propiedades mecánicas de la resina poliéster reforzada con fibra de bambú, como material sustituto de la fibra de vidrio atextobtxt0(uri)http://www.rdaregistry.info/termList/RDAContentType/#10202rdacontent3 aRESUMEN: En esta investigación se llevó a cabo una caracterización mecánica de dos tipos de materiales compuestos: resina poliéster reforzada con fibra de vidrio y resina poliéster reforzada con fibra de bambú. Se realizaron ensayos de tracción, flexión e impacto siguiendo las normas internacionales ASTM. Las fibras de bambú fueron obtenidas de forma manual y para mejorar la compatibilidad matriz de poliéster/ fibra, fueron sometidas a un tratamiento químico con hidróxido de sodio al 5 % en masa. Las muestras fueron elaboradas con concentraciones en masa de fibras de bambú de 11.07, 13.53 y 16.23 % y para poliéster reforzado con fibras de vidrio de 10.11, 14.77 y 19.19 %. Las propiedades mecánicas de estos materiales compuestos fueron comparadas con la matriz de poliéster sin refuerzo con el fin de conocer el aporte mecánico que le hacen las fibras a la matriz. aFibra de vidrio aFibra vegetal aMateriales compuestos - Propiedades aPropiedades mecánicas de los materiales aResina de poliéster10aCañas Mendoza, Luz Adriana 4auteaut10aTristancho Reyes, José Luis4auteaut0 tDYNA (Medellín)gVolumen 084, Número 202, Septiembre de 2017, 35-41w188384x0012-7353082258